Une lettre suffit pour répondre juste #105 (attention 10 lettres tuent) - Statistiques

Statistiques générales
  • Ce quiz a été pris 72 fois
  • Le résultat moyen est 3 sur 6
Statistiques - réponses
Hint Réponse % Correct
Donne une des 5 lettres du nom sous lequel est connu ce tueur en série américain : Ted _ _ _ _ _
BUNDY
100%
Donne une des 4 lettres qui complète le nom de cette ouverture aux échecs : Défense C_ _ _-_ann
ARO-K
71%
Donne une des 3 lettres qui complète le nom de l'émission TV présenté de longues années par Charly et Lulu : _ _ _ machine
HIT
33%
Donne une des 2 lettres qui complète le nom des joueurs de l'équipe nationale de football en Algérie : Les _enne_s FC
25%
Donne la lettre qui complète la locution latine signifiant « Mot à mot. » : _erbatim V
22%
Donne la première lettre du prénom de cette patineuse artistique française, la première aux JO à avoir réussi un salto arrière sur une jambe, en 1998 :
S (Surya Bonaly)
16%
Aucun quiz correspondant
Distribution des résultats
% des personnes avec chaque résultat
Percentile par nombre de réponses
Votre historique - résultats
Vous n’avez pas pris ce quiz